| 000 | 02406cam a2200289 4500500 | ||
|---|---|---|---|
| 005 | 20251228050010.0 | ||
| 041 | _afre | ||
| 042 | _adc | ||
| 100 | 1 | 0 |
_aGarelli, Jacques _eauthor |
| 245 | 0 | 0 | _aPerplexité de Saussure |
| 260 | _c2003. | ||
| 500 | _a9 | ||
| 520 | _aCette étude cherche à nouer un dialogue avec les fragments des textes saussuriens récemment publiés sour le titre de Cours de linguistique générale, en préservant les tensions non résolues qui animent le texte, sans pour autant négliger la dimension philosophique de cette recherche que la pensée contemporaine peut prospecter avec intérêt. L’enquête souligne l’appel constant fait par Saussure à une interprétation philosophique de ses propres découvertes linguistiques, comme la complémentarité étroite qu’il n’a cessé de mettre en évidence entre opération mentale et structure du langage, laissant la place ouverte à une interprétation phénoménologique et « allagmatique » du langage qui n’est peut-être pas totalement étrangère à son inspiration profonde. | ||
| 520 | _aThis study aims at establishing a dialogue with the fragments of saussuriantexts recently published under the title Cours de linguistique générale. It tries to retain the non-resolved tensions that are in the texte without dismissing the philosophical dimension of this research which contemporary thought may explore with interest. The enquiry emphasizes the way in which Saussure constantly resorts to a philosophical interpretation of his linguistic discoveries as well as the complementarity he relentlessly tries to show between the mental operations and the structures of thelanguage. He leaves the door open to a phenomenological and ‘‘ allagmatic ’’interpretation of language which is not totally foreign to his deeper inspiration. | ||
| 690 | _aJeu diacritique | ||
| 690 | _aMéthode allagmatique | ||
| 690 | _aSchématisme transcendantal | ||
| 690 | _aStructure de langage | ||
| 690 | _aVisée intentionnelle | ||
| 690 | _aAllagmatic method | ||
| 690 | _aDiacritic | ||
| 690 | _aIntentionality | ||
| 690 | _aStructures of the language | ||
| 690 | _aTranscendental schematism | ||
| 786 | 0 | _nArchives de philosophie | 66 | 1 | 2003-03-01 | p. 89-117 | 0003-9632 | |
| 856 | 4 | 1 | _uhttps://shs.cairn.info/revue-archives-de-philosophie-2003-1-page-89?lang=fr&redirect-ssocas=7080 |
| 999 |
_c1579528 _d1579528 |
||